| 000 -ლიდერი |
| ფიქსირებული სიგრძის საკონტროლო ველი |
00951nam a22001937a 4500 |
| 003 - საკონტროლო ნომრის იდენტიფიკატორი |
| საკონტროლო ველი |
Ge_BSU |
| 005 - ბოლო ოპერაციის თარიღი და დრო |
| საკონტროლო ველი |
20230705173653.0 |
| 008 - ფიქსირებული სიგრძის მონაცემთა ელემენტები - ზოგადი ინფორმაცია |
| ფიქსირებული სიგრძის საკონტროლო ველი |
230705s1982ge xxu||||| |||| 00| 0 geo d |
| 041 ## - ენის კოდი |
| Language code of text/sound track or separate title |
geo |
| 080 ## - უნივერსალური ათობითი კლასიფიკაციის ინდექსი |
| Universal Decimal Classification number |
903.5(479.22) გ-14 |
| 100 ## - მთავარი ჩანაწერი - პიროვნების სახელი |
| Personal name |
გაგოშიძე, ი. |
| 9 (RLIN) |
4178 |
| 245 ## - ცნობა სათაურის შესახებ |
| Title |
თრიალეთის სამაროვნები : |
| Remainder of title |
კატალოგი. ტ. 3, ანტიკური ხანის სამაროვნები / |
| Statement of responsibility, etc |
ი. გაგოშიძე . |
| 264 ## - წარმოების, გამოცემის, დისტრიბუციის და სხვა ცნობები |
| გამოცემის, წარმოების, დისტრიბუციის... ადგილი |
თბილისი : |
| გამოცემის, წარმოების, დისტრიბუციის... სახელწოდება |
მეცნიერება, |
| გამოცემის, წარმოების, დისტრიბუციის... თარიღი |
1982. |
| 300 ## - ფიზიკური აღწერა |
| Extent |
118 გვ. : |
| Other physical details |
5 ფ. ილ. |
| Dimensions |
23 სმ. |
| 546 ## - LANGUAGE NOTE |
| Language note |
პარალ. ტექსტი რუს. |
| 653 ## - INDEX TERM--UNCONTROLLED |
| Uncontrolled term |
სამარხები საქართველოში |
| 710 ## - ADDED ENTRY--CORPORATE NAME |
| Corporate name or jurisdiction name as entry element |
ს. ჯანაშიას სახ. საქართველოს სახელმწიფო მუზეუმი. |
| 9 (RLIN) |
19175 |
| 942 ## - ADDED ENTRY ELEMENTS (KOHA) |
| Source of classification or shelving scheme |
|
| Koha item type |
წიგნი |